Squeezing It In:Designing For Compact Spaces (Record no. 364884)

MARC details
000 -LEADER
fixed length control field 00378 a2200145 4500
005 - DATE AND TIME OF LATEST TRANSACTION
control field 20250128114125.0
008 - FIXED-LENGTH DATA ELEMENTS--GENERAL INFORMATION
fixed length control field 250128b |||||||| |||| 00| 0 eng d
020 ## - INTERNATIONAL STANDARD BOOK NUMBER
International Standard Book Number 9781859469132
082 ## - DEWEY DECIMAL CLASSIFICATION NUMBER
Classification number 729/LES170
100 ## - MAIN ENTRY--PERSONAL NAME
Author Leslie M
245 ## - TITLE STATEMENT
Title Squeezing It In:Designing For Compact Spaces
260 ## - PUBLICATION, DISTRIBUTION, ETC.
Name of publisher, distributor, etc. Riba Publishing
Date of publication, distribution, etc. 2022
Place of publication, distribution, etc. 170P
300 ## - PHYSICAL DESCRIPTION
Extent 170P
Other physical details HB
942 ## - ADDED ENTRY ELEMENTS (KOHA)
Koha item type Books
Holdings
Withdrawn status Lost status Source of classification or shelving scheme Damaged status Not for loan Collection code Home library Current library Date acquired Vendor Net Price Full call number Barcode Date last seen Actual Price Bill Date Koha item type
    Dewey Decimal Classification     Book of B Arch Dr. Bhanuben Nanavati College of Architecture Dr. Bhanuben Nanavati College of Architecture 27/01/2025 179 2919.80 729/LES170 BNCA-BK-13016 27/01/2025 4492.00 31/12/2024 Reference book